000 00472nam a22001937a 4500
005 20201020205912.0
008 201019b ||||| |||| 00| 0 eng d
020 _a9780143422365
040 _cCLNC
041 _deng
082 _a823
_bSEL
100 _aSelvadurai, Shyam
_eauthor
245 _aFunny boy/
_cby Shyam Selvadurai
260 _aGurgaon:
_bPenguin books,
_c1994
300 _a316p.
650 _aEnglish novel
650 _aSri Lanka
942 _2ddc
_cBK
999 _c11063
_d11063